|
|
|
|
| LEADER |
00820nam a2200205 a 4500 |
| 001 |
00023946 |
| 008 |
111207s2008 ne 000 0 eng d |
| 022 |
|
|
|a 0925-4374
|
| 040 |
|
|
|a BD-DhAAL
|c BD-DhAAL
|
| 082 |
0 |
4 |
|a 306/.45
|2 22
|
| 245 |
1 |
0 |
|a Medische antropologie :
|b tijdschrift over gezondheid en cultuur
|
| 246 |
1 |
7 |
|a Medische antropologie
|
| 260 |
|
|
|a Amsterdam :
|b Antropologisch Sociologisch Centrum,
|c 2008.
|
| 300 |
|
|
|a v. ;
|c 24 cm.
|
| 500 |
|
|
|a Tijdschrift over gezondheid en cultuur, Jaargang-Nummer2-2008
|
| 541 |
1 |
|
|e 00023946
|
| 650 |
|
0 |
|a Medische antropologie
|
| 852 |
1 |
|
|a James P. Grant School of Public Health (JPGSPH)
|
| 999 |
|
|
|c 11579
|d 11579
|
| 952 |
|
|
|0 0
|1 0
|2 ddc
|4 0
|6 306_450000000000000_MED
|7 0
|9 18844
|a JPGSPH
|b JPGSPH
|d 2011-12-08
|e School of Public Helath
|l 0
|o 306.45 MED
|p 3060023946
|r 2011-12-13
|t 1
|w 2011-12-13
|y BK
|